000 00556nam a2200205Ia 4500
005 20250923150008.0
008 008 250917s9999 xx 000 0 eng d
037 _aTextual
040 _aDSWL
_beng
_cDSWL
041 _aeng
_2eng
084 _aYX:8, N92
_qDSWL
245 0 _aChallenge of change
_c by C.S. Venkataratnam
260 _aNew Delhi
_b Allied Pub. Ltd.
_c1997
300 _axv,504 p.
365 _aINR
_b450.00
700 _a Mul Verma
_9841105
925 _g450.00
942 _cTEXL
_hYX:8, N92
999 _c1458290
_d1458290